[Event "30th Klatovy B 2024"]
[Site "Klatovy CZE"]
[Date "2024.06.30"]
[Round "2.24"]
[White "Beran, Jakub"]
[Black "Vratny, Vojtech"]
[Result "1-0"]
[WhiteElo "1791"]
[BlackElo "1564"]
[PlyCount "63"]
[EventDate "2024.06.29"]
[EventType "swiss"]
[EventRounds "9"]
[EventCountry "CZE"]

1. c4 Nf6 2. d4 g6 3. Nc3 d6 4. Nf3 Bg7 5. g3 O-O 6. Bg2 Nbd7 7. O-O e5 8. dxe5 Nxe5 9. Nxe5 dxe5 10. Bg5 Qd7 11. Qc2 c6 12. Rad1 Qc7 13. Qd2 Be6 14. Qd6 Qxd6 15. Rxd6 Ne8 16. Rd2 f6 17. Be3 Rf7 18. Rfd1 Bf8 19. Ne4 Rc8 20. b3 Rcc7 21. Bxa7 h6 22. Rd8 Ng7 23. Bb6 Rc8 24. Rxc8 Bxc8 25. Rd8 Be6 26. Bc5 f5 27. Rxf8+ Rxf8 28. Bxf8 Kxf8 29. Nd6 Ke7 30. Nxb7 e4 31. e3 Kd7 32. f3 1-0

[Event "30th Klatovy B 2024"]
[Site "Klatovy CZE"]
[Date "2024.06.30"]
[Round "2.26"]
[White "Strazhnyk, Viktoriia"]
[Black "Babicky, Jan 2009"]
[Result "0-1"]
[WhiteElo "1609"]
[BlackElo "1542"]
[PlyCount "128"]
[EventDate "2024.06.29"]
[EventType "swiss"]
[EventRounds "9"]
[EventCountry "CZE"]

1. e4 e6 2. d4 d5 3. Nc3 Bb4 4. e5 Bxc3+ 5. bxc3 c5 6. Qg4 Kf8 7. Ba3 Nd7 8. Bxc5+ Nxc5 9. dxc5 Nh6 10. Qb4 a5 11. Qa3 Qc7 12. Nf3 g6 13. c4 Ng4 14. cxd5 Nxe5 15. d6 Nxf3+ 16. gxf3 Qc6 17. O-O-O Bd7 18. Qc3 Kg8 19. h4 h5 20. Rg1 b6 21. Qf6 Qxc5 22. Rxg6+ fxg6 23. Qxg6+ Kf8 24. Qf6+ Kg8 25. Bd3 Qxf2 26. Qg5+ Kf8 27. Bg6 Qxf3 28. Rg1 Qa3+ 29. Kd1 Qxd6+ 30. Bd3 Qe7 31. Qf4+ Ke8 32. Bg6+ Kd8 33. Qd4 e5 34. Qxb6+ Kc8 35. Be4 Rb8 36. Qa6+ Kd8 37. Qxa5+ Ke8 38. Bg6+ Kf8 39. Rf1+ Kg7 40. Rf7+ Qxf7 41. Bxf7 Kxf7 42. Qxe5 Bg4+ 43. Kd2 Rhd8+ 44. Kc3 Rbc8+ 45. Kb4 Rd7 46. Qf4+ Ke8 47. Qe5+ Kd8 48. Qf6+ Kc7 49. Qe5+ Kb7 50. Qb5+ Ka8 51. Qa5+ Ra7 52. Qd5+ Rb7+ 53. Ka5 Kb8 54. Qe5+ Rcc7 55. c4 Bc8 56. c5 Ka8 57. Qd5 Bd7 58. Qg8+ Ka7 59. c6 Bxc6 60. Qg1+ Ka8 61. a4 Rb8 62. Ka6 Bxa4 63. Qg2+ Bc6 64. Qf2 Bd5 0-1

[Event "30th Klatovy B 2024"]
[Site "Klatovy CZE"]
[Date "2024.06.30"]
[Round "2.27"]
[White "Lener, Jaroslav 1975"]
[Black "Jarosik, Karel"]
[Result "1-0"]
[WhiteElo "1870"]
[BlackElo "1456"]
[PlyCount "57"]
[EventDate "2024.06.29"]
[EventType "swiss"]
[EventRounds "9"]
[EventCountry "CZE"]

1. c4 c5 2. Nc3 e5 3. g3 Nf6 4. Bg2 Be7 5. Nf3 d6 6. O-O Nc6 7. e3 e4 8. Ng5 Ng4 9. Ngxe4 f5 10. f3 Nge5 11. Nf2 Nxc4 12. b3 N4e5 13. Nd5 O-O 14. Nxe7+ Qxe7 15. Bb2 Bd7 16. Re1 c4 17. f4 Nd3 18. Nxd3 cxd3 19. Bc3 Nd8 20. Qb1 Bb5 21. a4 Ba6 22. b4 Bc4 23. e4 fxe4 24. Bxe4 Qc7 25. a5 Nf7 26. Bxd3 Bd5 27. Bxh7+ Kh8 28. Qg6 Nd8 29. Qh5 1-0

[Event "30th Klatovy B 2024"]
[Site "Klatovy CZE"]
[Date "2024.06.30"]
[Round "2.28"]
[White "Martinek, Tomas 2012"]
[Black "Zbanek, Jan"]
[Result "0-1"]
[WhiteElo "1438"]
[BlackElo "1775"]
[PlyCount "80"]
[EventDate "2024.06.29"]
[EventType "swiss"]
[EventRounds "9"]
[EventCountry "CZE"]

1. e4 Nf6 2. e5 Nd5 3. Nc3 Nxc3 4. bxc3 d5 5. d4 Bf5 6. Nf3 e6 7. Be2 c5 8. Ba3 Qa5 9. Bb2 Nc6 10. O-O c4 11. Nh4 Bg6 12. Nxg6 hxg6 13. Qd2 b5 14. f4 Rb8 15. Rfb1 Qd8 16. Qe1 Be7 17. Qf2 Qd7 18. Bc1 a6 19. Bd2 Ba3 20. Rf1 a5 21. Bc1 Qe7 22. Rb1 Bxc1 23. Rbxc1 Qa3 24. Qe3 Qxa2 25. Qd2 Qa3 26. Ra1 Qe7 27. Rfb1 Qh4 28. h3 Qg3 29. Rb2 Rxh3 30. Bf3 Kd7 31. Qe1 Qxe1+ 32. Rxe1 Rhh8 33. Reb1 b4 34. cxb4 axb4 35. Kf2 Nxd4 36. Rxb4 Rxb4 37. Rxb4 Nxf3 38. Kxf3 Kc7 39. g4 Rh3+ 40. Kg2 Rc3 0-1

[Event "30th Klatovy B 2024"]
[Site "Klatovy CZE"]
[Date "2024.06.30"]
[Round "2.29"]
[White "Pucholt, Martin"]
[Black "Vanousek, Zdenek"]
[Result "1/2-1/2"]
[WhiteElo "1752"]
[BlackElo "1406"]
[PlyCount "76"]
[EventDate "2024.06.29"]
[EventType "swiss"]
[EventRounds "9"]
[EventCountry "CZE"]

1. c4 e5 2. Nc3 Nf6 3. Nf3 Nc6 4. g3 d5 5. cxd5 Nxd5 6. d3 Bb4 7. Bd2 O-O 8. Bg2 Re8 9. O-O Be6 10. h3 Qd7 11. Kh2 Rad8 12. a3 Bd6 13. Ng5 Be7 14. Nxe6 fxe6 15. Rc1 Rf8 16. Ne4 b6 17. h4 a6 18. Bh3 Nd4 19. Kg2 Qb5 20. b4 c5 21. bxc5 bxc5 22. Rb1 Qc6 23. Rc1 Nf6 24. f3 Nd5 25. Kf2 Nb5 26. Bb4 Rc8 27. Bxc5 Bxc5+ 28. Rxc5 Qb6 29. d4 exd4 30. Rxd5 exd5 31. Bxc8 dxe4 32. Bg4 d3+ 33. Kg2 Nc3 34. Qd2 dxe2 35. Re1 Qc6 36. Qe3 Qf6 37. f4 Rd8 38. Bxe2 Qc6 1/2-1/2

[Event "30th Klatovy B 2024"]
[Site "Klatovy CZE"]
[Date "2024.06.30"]
[Round "2.31"]
[White "Tereshonkov, Stanislav"]
[Black "Vasko, Pavel"]
[Result "1-0"]
[WhiteElo "1413"]
[BlackElo "1655"]
[PlyCount "78"]
[EventDate "2024.06.29"]
[EventType "swiss"]
[EventRounds "9"]
[EventCountry "CZE"]

1. e4 e5 2. Nf3 Nf6 3. Nc3 Bb4 4. d3 Bxc3+ 5. bxc3 d6 6. h3 O-O 7. Bg5 Nbd7 8. d4 h6 9. Bh4 Qe8 10. Bd3 b6 11. a4 a5 12. O-O Bb7 13. Re1 Nh7 14. Qc1 f6 15. Qb2 Bc6 16. Qb3+ Kh8 17. Qc4 Nb8 18. d5 Bd7 19. Qxc7 Qd8 20. Qxd6 Bc8 21. Qxd8 Rxd8 22. Nxe5 Re8 23. Nf7+ Kg8 24. Nd6 Rd8 25. Nxc8 Rxc8 26. Ra3 Nd7 27. Bb5 Nc5 28. Bc6 Ra7 29. Bg3 Nd7 30. e5 Nb8 31. Bb5 Re7 32. e6 Nf8 33. Bxb8 Rxb8 34. Bc4 Rd8 35. Rb3 Rd6 36. Rb5 Nd7 37. Ba2 Nc5 38. Kf1 Nxa4 39. c4 Rc7 1-0

[Event "30th Klatovy B 2024"]
[Site "Klatovy CZE"]
[Date "2024.07.02"]
[Round "4.7"]
[White "Svejdar, Pavel"]
[Black "Rudlof, Jan 2006"]
[Result "1/2-1/2"]
[WhiteElo "1721"]
[BlackElo "1599"]
[PlyCount "37"]
[EventDate "2024.06.29"]
[EventType "swiss"]
[EventRounds "9"]
[EventCountry "CZE"]

1. e4 {[%emt 0:00:03]} e5 {[%emt 0:00:06]} 2. Nf3 {[%emt 0:00:30]} Nf6 {[%emt 0:00:17]} 3. Nc3 {[%emt 0:01:38]} Nc6 {[%emt 0:00:21]} 4. Bc4 {[%emt 0:01:59]} Bb4 {[%emt 0:03:39]} 5. d3 {[%emt 0:02:25]} h6 {[%emt 0:01:53]} 6. a3 {[%emt 0:03:14]} Ba5 {[%emt 0:01:45]} 7. Bd2 {[%emt 0:05:47]} Bb6 {[%emt 0:02:00]} 8. Nd5 {[%emt 0:04:22]} d6 {[%emt 0:03:16]} 9. Nxb6 {[%emt 0:03:24]} axb6 {[%emt 0:01:45]} 10. h3 {[%emt 0:05:53]} Qe7 {[%emt 0:03:46]} 11. Qe2 {[%emt 0:07:18]} Be6 {[%emt 0:01:42]} 12. Bxe6 {[%emt 0:03:32]} Qxe6 {[%emt 0:00:14]} 13. Be3 {[%emt 0:12:54]} O-O {[%emt 0:05:59]} 14. O-O {[%emt 0:07:29]} d5 {[%emt 0:07:18]} 15. exd5 {[%emt 0:03:17]} Nxd5 {[%emt 0:01:42]} 16. Rfe1 {[%emt 0:00:14]} Nxe3 {[%emt 0:00:51]} 17. Qxe3 {[%emt 0:00:49]} Rfe8 {[%emt 0:02:35]} 18. Re2 {[%emt 0:03:07]} Re7 {[%emt 0:02:04]} 19. Kf1 {[%emt 0:03:51]} 1/2-1/2

[Event "30th Klatovy B 2024"]
[Site "Klatovy CZE"]
[Date "2024.07.02"]
[Round "4.9"]
[White "Lener, Jaroslav 1975"]
[Black "Bukvaj, Martin"]
[Result "0-1"]
[WhiteElo "1870"]
[BlackElo "1687"]
[PlyCount "106"]
[EventDate "2024.06.29"]
[EventType "swiss"]
[EventRounds "9"]
[EventCountry "CZE"]

1. Nf3 {[%emt 0:00:02]} Nf6 {[%emt 0:00:49]} 2. c4 {[%emt 0:00:07]} g6 {[%emt 0:00:48]} 3. Nc3 {[%emt 0:00:08]} Bg7 {[%emt 0:00:37]} 4. g3 {[%emt 0:00:30]} O-O {[%emt 0:01:23]} 5. Bg2 {[%emt 0:00:05]} d6 {[%emt 0:00:32]} 6. d3 {[%emt 0:00:24]} Nbd7 {[%emt 0:02:46]} 7. O-O {[%emt 0:00:40]} e5 {[%emt 0:02:06]} 8. Bg5 {[%emt 0:01:58]} h6 {[%emt 0:07:17]} 9. Bd2 {[%emt 0:01:47]} Re8 {[%emt 0:03:06]} 10. Ne1 {[%emt 0:02:21]} a5 {[%emt 0:15:28]} 11. a3 {[%emt 0:01:34]} c6 {[%emt 0:01:31]} 12. Rb1 {[%emt 0:04:09]} Nf8 {[%emt 0:10:52]} 13. Nc2 {[%emt 0:01:25]} Ne6 {[%emt 0:10:46]} 14. b4 {[%emt 0:03:14]} axb4 {[%emt 0:02:30]} 15. axb4 {[%emt 0:00:15]} Nd4 {[%emt 0:08:50]} 16. Qc1 {[%emt 0:17:27]} Kh7 {[%emt 0:06:06]} 17. e3 {[%emt 0:10:44]} Nxc2 {[%emt 0:03:46]} 18. Qxc2 {[%emt 0:02:42]} d5 {[%emt 0:05:44]} 19. c5 {[%emt 0:12:22]} d4 {[%emt 0:08:38]} 20. Na4 {[%emt 0:29:42]} dxe3 {[%emt 0:08:37]} 21. fxe3 {[%emt 0:04:01]} Bf5 {[%emt 0:04:46]} 22. Nb2 {[%emt 0:01:53]} Qd7 {[%emt 0:06:25]} 23. Bc3 {[%emt 0:06:00]} Bh3 {[%emt 0:07:17]} 24. Ra1 {[%emt 0:05:44]} Bxg2 {[%emt 0:01:26]} 25. Kxg2 {[%emt 0:00:27]} Nd5 {[%emt 0:00:19]} 26. Nc4 {[%emt 0:01:50]} Rxa1 {[%emt 0:04:46]} 27. Rxa1 {[%emt 0:00:50]} Qg4 {[%emt 0:01:15]} 28. e4 {[%emt 0:04:57]} Nf4+ {[%emt 0:01:15]} 29. Kg1 {[%emt 0:09:36]} Nh3+ {[%emt 0:01:56]} 30. Kf1 {[%emt 0:02:24]} Qf3+ {[%emt 0:01:22]} 31. Ke1 {[%emt 0:00:05]} Qh1+ {[%emt 0:00:14]} 32. Kd2 {[%emt 0:00:07]} Qxh2+ {[%emt 0:00:10]} 33. Kc1 {[%emt 0:00:05]} Qxg3 {[%emt 0:00:22]} 34. Kb2 {[%emt 0:01:13]} Nf2 {[%emt 0:01:29]} 35. Nd6 {[%emt 0:03:34]} Nxd3+ {[%emt 0:00:43]} 36. Kb3 {[%emt 0:00:13]} Re7 {[%emt 0:00:46]} 37. Rf1 {[%emt 0:01:10]} Nf4 {[%emt 0:00:27]} 38. Qd1 {[%emt 0:02:08]} h5 {[%emt 0:01:07]} 39. Rg1 {[%emt 0:00:26]} Qd3 {[%emt 0:00:40]} 40. Qa1 {[%emt 0:01:27]} Ne2 {[%emt 0:00:30]} 41. Rc1 {[%emt 0:00:34]} Nxc1+ {[%emt 0:00:14]} 42. Qxc1 {[%emt 0:00:04]} Qg3 {[%emt 0:00:36]} 43. Qf1 {[%emt 0:00:25]} Qf4 {[%emt 0:00:22]} 44. Qh3 {[%emt 0:00:31]} h4 {[%emt 0:00:35]} 45. Qh1 {[%emt 0:00:35]} Qg4 {[%emt 0:00:46]} 46. Qf1 {[%emt 0:01:00]} f6 {[%emt 0:00:16]} 47. Bd2 {[%emt 0:00:31]} h3 {[%emt 0:00:25]} 48. Qf2 {[%emt 0:00:17]} Rd7 {[%emt 0:00:56]} 49. Be3 {[%emt 0:00:33]} Kg8 {[%emt 0:00:35]} 50. Qa2 {[%emt 0:00:41]} Qd1+ {[%emt 0:00:21]} 51. Kc3+ {[%emt 0:00:21]} Kh7 {[%emt 0:01:28]} 52. Qh2 {[%emt 0:00:28]} Qf3 {[%emt 0:00:18]} 53. Qd2 {[%emt 0:01:32]} Bh6 {[%emt 0:00:28]} 0-1

[Event "30th Klatovy B 2024"]
[Site "Klatovy CZE"]
[Date "2024.07.02"]
[Round "4.15"]
[White "Vavrinkova, Jitka"]
[Black "Devera, Filip"]
[Result "1/2-1/2"]
[WhiteElo "1707"]
[BlackElo "1641"]
[PlyCount "36"]
[EventDate "2024.06.29"]
[EventType "swiss"]
[EventRounds "9"]
[EventCountry "CZE"]

1. e4 e6 2. d4 d5 3. e5 c5 4. c3 Nc6 5. Nf3 Qb6 6. Bd3 Nh6 7. Bc2 Nf5 8. g4 Nfe7 9. Qd3 cxd4 10. cxd4 f6 11. Nc3 Bd7 12. a3 Ng6 13. Qe3 fxe5 14. Bxg6+ hxg6 15. Nxe5 Qxd4 16. Nxg6 Qxe3+ 17. fxe3 Rg8 18. Nxf8 Rxf8 1/2-1/2

[Event "30th Klatovy B 2024"]
[Site "Klatovy CZE"]
[Date "2024.07.02"]
[Round "4.16"]
[White "Kasik, Denis"]
[Black "Vo, Daniel"]
[Result "1/2-1/2"]
[WhiteElo "1596"]
[BlackElo "1705"]
[PlyCount "101"]
[EventDate "2024.06.29"]
[EventType "swiss"]
[EventRounds "9"]
[EventCountry "CZE"]

1. b3 d5 2. Bb2 c5 3. e3 Nf6 4. d4 e6 5. Nf3 Nc6 6. Bb5 a6 7. Bxc6+ bxc6 8. O-O cxd4 9. Qxd4 c5 10. Qe5 h6 11. Qg3 Ne4 12. Qe5 f6 13. Qh5+ Kd7 14. Nbd2 Nxd2 15. Nxd2 Qe8 16. Qd1 Bd6 17. Qg4 Rg8 18. Rfd1 h5 19. Qf3 Qg6 20. Nc4 Bb7 21. Nb6+ Ke7 22. Nxa8 Bxa8 23. Qe2 d4 24. f3 h4 25. exd4 cxd4 26. Bxd4 h3 27. Rd2 Rh8 28. g3 Bxg3 29. hxg3 Qxg3+ 30. Kf1 h2 31. Bc5+ Kf7 32. Rd7+ Kg6 33. Qd3+ f5 34. Rxg7+ Kxg7 35. Qd7+ Kf6 36. Be7+ Kg6 37. Qxe6+ Kh7 38. Qxf5+ Qg6 39. Qxg6+ Kxg6 40. Kg2 Bxf3+ 41. Kxf3 h1=Q+ 42. Rxh1 Rxh1 43. Bc5 Rc1 44. c4 Rc2 45. Ke4 Rxa2 46. Kd5 Rb2 47. b4 Kf5 48. Kc6 Ke4 49. b5 axb5 50. cxb5 Rxb5 51. Kxb5 1/2-1/2

[Event "30th Klatovy B 2024"]
[Site "Klatovy CZE"]
[Date "2024.07.02"]
[Round "4.17"]
[White "Martinek, Lukas"]
[Black "Kolman, Pavel Petr 2007"]
[Result "1-0"]
[WhiteElo "1698"]
[BlackElo "1582"]
[PlyCount "59"]
[EventDate "2024.06.29"]
[EventType "swiss"]
[EventRounds "9"]
[EventCountry "CZE"]

1. e4 d5 2. exd5 Qxd5 3. Nc3 Qa5 4. d4 c6 5. Bd2 Nf6 6. Bc4 Qc7 7. Nf3 Bg4 8. h3 Bh5 9. g4 Bg6 10. Ne5 Nbd7 11. Nxg6 hxg6 12. Qf3 e6 13. O-O O-O-O 14. g5 Nb6 15. Bf4 Bd6 16. Bxd6 Rxd6 17. gxf6 Nxc4 18. fxg7 Rg8 19. Ne4 Rdd8 20. Qf6 Rd5 21. Ng3 Qd8 22. Qxf7 Kb8 23. h4 g5 24. h5 Rd7 25. Qxe6 Nb6 26. Qe5+ Ka8 27. h6 Rd5 28. Qe6 Rd6 29. Qf7 Rd7 30. Qh5 1-0

[Event "30th Klatovy B 2024"]
[Site "Klatovy CZE"]
[Date "2024.07.02"]
[Round "4.18"]
[White "Strihavka, Petr"]
[Black "Kusova, Nikola 2012"]
[Result "0-1"]
[WhiteElo "1518"]
[BlackElo "1696"]
[PlyCount "54"]
[EventDate "2024.06.29"]
[EventType "swiss"]
[EventRounds "9"]
[EventCountry "CZE"]

1. e4 e5 2. Nf3 Nf6 3. Nc3 Bb4 4. Nxe5 O-O 5. d3 Re8 6. Nf3 d5 7. e5 Bg4 8. d4 Ne4 9. Bd2 Bxc3 10. Bxc3 Nxc3 11. bxc3 f6 12. Qe2 Nc6 13. Qb5 fxe5 14. Qxb7 exd4+ 15. Be2 Bxf3 16. gxf3 Qd6 17. Kf1 Rab8 18. Qa6 dxc3 19. Bb5 Rb6 20. Qa4 Reb8 21. Bxc6 Rb1+ 22. Ke2 Qe5+ 23. Kd3 Qf5+ 24. Ke3 R8b4 25. Bxd5+ Kf8 26. Qc6 Qf4+ 27. Kd3 Qd2# 0-1

[Event "30th Klatovy B 2024"]
[Site "Klatovy CZE"]
[Date "2024.07.02"]
[Round "4.19"]
[White "Brychta, David"]
[Black "Stepnicka, Filip"]
[Result "1-0"]
[WhiteElo "1695"]
[BlackElo "1434"]
[PlyCount "87"]
[EventDate "2024.06.29"]
[EventType "swiss"]
[EventRounds "9"]
[EventCountry "CZE"]

1. c4 e5 2. g3 Nf6 3. Bg2 Nc6 4. Nc3 g6 5. d3 Bg7 6. Nf3 d6 7. O-O O-O 8. Bg5 Be6 9. Qd2 Qd7 10. Bh6 Rad8 11. Rfe1 Rfe8 12. Bxg7 Kxg7 13. a3 Bh3 14. Bh1 Na5 15. Qc2 c5 16. Ng5 h6 17. Nxh3 Qxh3 18. Bg2 Qh5 19. Qa4 Nc6 20. h3 Rc8 21. Rab1 Qg5 22. Ne4 Nxe4 23. Bxe4 a6 24. b4 cxb4 25. axb4 Re7 26. b5 axb5 27. Qxb5 h5 28. h4 Qg4 29. Bf3 Qh3 30. Bg2 Qg4 31. Kh2 g5 32. Bh3 Qd4 33. e3 Qxd3 34. Bxc8 gxh4 35. gxh4 Qe4 36. Rg1+ Kh6 37. Qd5 Qxh4+ 38. Bh3 Qxf2+ 39. Qg2 Qf6 40. Rbf1 Qg6 41. Qxg6+ fxg6 42. Rf6 Rg7 43. Rxd6 Ne7 44. Rd7 1-0

[Event "30th Klatovy B 2024"]
[Site "Klatovy CZE"]
[Date "2024.07.02"]
[Round "4.20"]
[White "Mlynek, Jakub"]
[Black "Mojzisova, Barbora"]
[Result "0-1"]
[WhiteElo "1694"]
[BlackElo "1535"]
[PlyCount "84"]
[EventDate "2024.06.29"]
[EventType "swiss"]
[EventRounds "9"]
[EventCountry "CZE"]

1. e4 e5 2. Nf3 Nc6 3. d4 exd4 4. Nxd4 Bc5 5. Nc3 Bb6 6. Nb3 Nf6 7. Qe2 d6 8. Be3 Be6 9. O-O-O Qe7 10. g3 Ne5 11. f4 Bc4 12. Qd2 Nf3 13. Qf2 Bxf1 14. Bxb6 Bh3 15. Be3 h5 16. Qxf3 Bg4 17. Qf2 Bxd1 18. Rxd1 Nxe4 19. Nxe4 Qxe4 20. Re1 O-O 21. a3 Rfe8 22. Bd2 Qc4 23. f5 Qg4 24. f6 Rxe1+ 25. Qxe1 gxf6 26. Qe7 Qf5 27. Kb1 Rc8 28. Bc3 Kg7 29. Nd4 Qf1+ 30. Ka2 Qc4+ 31. Kb1 Qf1+ 32. Be1 a6 33. Ne6+ Kg8 34. Nf4 Qb5 35. Qxf6 Qf1 36. Qe7 Qb5 37. b3 Re8 38. Qxc7 Rxe1+ 39. Ka2 Qc5 40. Qd8+ Kg7 41. Nxh5+ Qxh5 42. Qa5 Qxa5 0-1

[Event "30th Klatovy B 2024"]
[Site "Klatovy CZE"]
[Date "2024.07.02"]
[Round "4.21"]
[White "Rudlof, Jan 1974"]
[Black "Vanousek, Zdenek"]
[Result "1-0"]
[WhiteElo "1799"]
[BlackElo "1406"]
[PlyCount "89"]
[EventDate "2024.06.29"]
[EventType "swiss"]
[EventRounds "9"]
[EventCountry "CZE"]

1. d4 d5 2. a3 Nf6 3. Nf3 Nc6 4. Bf4 e6 5. e3 Bd6 6. Bg3 O-O 7. Bd3 Re8 8. O-O e5 9. dxe5 Nxe5 10. Nxe5 Bxe5 11. Bxe5 Rxe5 12. Nc3 Bg4 13. Be2 Qd7 14. Bxg4 Qxg4 15. Qxg4 Nxg4 16. Rad1 c6 17. Rd2 Rae8 18. h3 Nf6 19. Rfd1 Ne4 20. Nxe4 Rxe4 21. Rd4 Rxd4 22. Rxd4 Re4 23. Rxe4 dxe4 24. g4 g6 25. Kg2 f5 26. gxf5 gxf5 27. Kg3 Kg7 28. Kf4 Kf6 29. h4 h5 30. b3 b5 31. b4 a6 32. c3 Ke6 33. Kg5 Kd5 34. Kxh5 Kc4 35. Kg5 Kxc3 36. h5 Kb3 37. h6 Kxa3 38. h7 Kxb4 39. h8=Q a5 40. Qd4+ Kb3 41. Kxf5 a4 42. Kxe4 b4 43. Kd3 a3 44. Qc4+ Kb2 45. Qxb4+ 1-0

[Event "30th Klatovy B 2024"]
[Site "Klatovy CZE"]
[Date "2024.07.02"]
[Round "4.22"]
[White "Krivka, Lukas"]
[Black "Zbanek, Jan"]
[Result "1/2-1/2"]
[WhiteElo "1587"]
[BlackElo "1775"]
[PlyCount "32"]
[EventDate "2024.06.29"]
[EventType "swiss"]
[EventRounds "9"]
[EventCountry "CZE"]

1. d4 Nf6 2. c4 g6 3. Nc3 Bg7 4. e4 d6 5. f3 Nfd7 6. Be3 e5 7. Nge2 Bh6 8. Qd2 Bxe3 9. Qxe3 Nb6 10. Ng3 O-O 11. Bd3 exd4 12. Qxd4 Nc6 13. Qe3 Ne5 14. b3 f5 15. Nge2 Nxd3+ 16. Qxd3 fxe4 1/2-1/2

[Event "30th Klatovy B 2024"]
[Site "Klatovy CZE"]
[Date "2024.07.02"]
[Round "4.24"]
[White "Tejnor, Martin"]
[Black "Souralova, Jana"]
[Result "1/2-1/2"]
[WhiteElo "1732"]
[BlackElo "1557"]
[PlyCount "64"]
[EventDate "2024.06.29"]
[EventType "swiss"]
[EventRounds "9"]
[EventCountry "CZE"]

1. e4 e5 2. Nf3 Nc6 3. Nc3 Nf6 4. Bb5 Bb4 5. O-O O-O 6. Bxc6 dxc6 7. d3 Re8 8. h3 h6 9. Be3 Qe7 10. Nd2 Be6 11. Kh1 Bc5 12. Qe2 Rad8 13. f4 Bxe3 14. Qxe3 exf4 15. Rxf4 Nh5 16. Rf3 Qh4 17. Raf1 Bg4 18. R3f2 Ng3+ 19. Kg1 Nxf1 20. Rxf1 Be6 21. Nf3 Qg3 22. Kh1 b6 23. b3 Qd6 24. Ne2 a6 25. Qf2 c5 26. Nc3 Re7 27. Ne2 Bd7 28. Nh4 Qe5 29. Ng3 Qg5 30. Nf3 Qg6 31. Nh4 Qg5 32. Nf3 Qg6 1/2-1/2

[Event "30th Klatovy B 2024"]
[Site "Klatovy CZE"]
[Date "2024.07.02"]
[Round "4.25"]
[White "Kvaca, Frantisek"]
[Black "Jelinek, Jan"]
[Result "0-1"]
[WhiteElo "1558"]
[BlackElo "1662"]
[PlyCount "100"]
[EventDate "2024.06.29"]
[EventType "swiss"]
[EventRounds "9"]
[EventCountry "CZE"]

1. d4 e6 2. Bf4 d5 3. Nf3 c5 4. e3 Qb6 5. b3 Nc6 6. c3 Nf6 7. Ne5 Bd6 8. Be2 O-O 9. Nd2 cxd4 10. cxd4 Bb4 11. Nxc6 bxc6 12. O-O Qa5 13. Nf3 Nh5 14. Bg3 Nxg3 15. hxg3 c5 16. Bd3 cxd4 17. Nxd4 Bd7 18. Qh5 g6 19. Qh6 f5 20. Nf3 Rf7 21. Ne5 Bf8 22. Qh4 Rg7 23. g4 g5 24. Qh6 Qc7 25. f4 gxf4 26. exf4 Rxg4 27. Qf6 Rg7 28. Qh4 Qb6+ 29. Kh2 Be7 30. Qh6 Be8 31. g4 fxg4 32. Nxg4 Bg6 33. Bxg6 Rxg6 34. Rg1 Qd4 35. Ne5 Bg5 36. Qxg5 Rxg5 37. Rxg5+ Kf8 38. Rag1 Qxf4+ 39. R1g3 Ke7 40. Rg7+ Kd8 41. Nc6+ Kc8 42. Ne7+ Kb8 43. Nc6+ Kc8 44. Ne7+ Kd8 45. Nc6+ Ke8 46. Re7+ Kf8 47. Kh3 Qf1+ 48. Rg2 Rc8 49. Kg3 Rxc6 50. Rxa7 Rc3+ 0-1

[Event "30th Klatovy B 2024"]
[Site "Klatovy CZE"]
[Date "2024.07.02"]
[Round "4.26"]
[White "Bubela, Alexander Georg"]
[Black "Rektor, David"]
[Result "1-0"]
[WhiteElo "1549"]
[BlackElo "1625"]
[PlyCount "90"]
[EventDate "2024.06.29"]
[EventType "swiss"]
[EventRounds "9"]
[EventCountry "CZE"]

1. d4 Nf6 2. c4 g6 3. Nc3 Bg7 4. e4 O-O 5. Be3 d6 6. f3 e5 7. Nge2 Nc6 8. d5 Ne7 9. Qd2 c6 10. g4 h5 11. gxh5 Nxh5 12. Ng3 cxd5 13. cxd5 f5 14. Nxh5 gxh5 15. Bh6 fxe4 16. fxe4 Bg4 17. Qg5 Rf7 18. h3 Qb6 19. Be2 Qxb2 20. Rc1 Rc8 21. hxg4 Rxc3 22. gxh5 Rxc1+ 23. Qxc1 Qb4+ 24. Qd2 Qb1+ 25. Qc1 Qxe4 26. Rg1 Qb4+ 27. Bd2 Qh4+ 28. Kd1 Qf2 29. Rf1 Qd4 30. Rxf7 Kxf7 31. Qc7 Bh6 32. Qc2 Qxd2+ 33. Qxd2 Bxd2 34. Kxd2 Nxd5 35. Bc4 Kg7 36. Bxd5 Kh6 37. Bf3 b5 38. Kc3 a5 39. Kd3 Kg5 40. Ke4 a4 41. Bd1 Kh6 42. Kd5 Kg5 43. Kxd6 e4 44. Kc5 e3 45. Kxb5 a3 1-0

[Event "30th Klatovy B 2024"]
[Site "Klatovy CZE"]
[Date "2024.07.02"]
[Round "4.28"]
[White "Vrzal, Vaclav"]
[Black "Pasek, Tomas"]
[Result "1-0"]
[WhiteElo "1682"]
[BlackElo "1459"]
[PlyCount "71"]
[EventDate "2024.06.29"]
[EventType "swiss"]
[EventRounds "9"]
[EventCountry "CZE"]

1. e4 e6 2. d4 d5 3. exd5 exd5 4. Nc3 Nc6 5. Nf3 Nf6 6. Be3 Bb4 7. Bd3 Qd6 8. O-O Bxc3 9. bxc3 O-O 10. h3 Ne7 11. Ne5 Bf5 12. Bf4 Qd8 13. Rb1 b6 14. Re1 Bxd3 15. Qxd3 Ne4 16. c4 Nd6 17. Re2 Ndf5 18. cxd5 Qxd5 19. c3 f6 20. Nf3 c6 21. Rbe1 Ng6 22. Bh2 Ngh4 23. Nxh4 Nxh4 24. Qe4 Qxe4 25. Rxe4 Ng6 26. Re6 Rac8 27. c4 Rfd8 28. Rd1 Kf7 29. Re2 Re8 30. Kf1 Rxe2 31. Kxe2 Re8+ 32. Kd3 Ne7 33. a4 a5 34. Rb1 c5 35. d5 Nc8 36. Bc7 1-0

[Event "30th Klatovy B 2024"]
[Site "Klatovy CZE"]
[Date "2024.07.02"]
[Round "4.30"]
[White "Koukola, Stepan"]
[Black "Tykalova, Barbora 2015"]
[Result "1-0"]
[WhiteElo "1470"]
[BlackElo "1594"]
[PlyCount "69"]
[EventDate "2024.06.29"]
[EventType "swiss"]
[EventRounds "9"]
[EventCountry "CZE"]

1. e4 d5 2. exd5 Qxd5 3. Nc3 Qa5 4. d4 c6 5. Nf3 Bf5 6. Bd2 Nf6 7. Be2 e6 8. O-O Be7 9. Re1 O-O 10. Ne4 Qc7 11. Bd3 Bg4 12. h3 Bh5 13. c3 Nd5 14. Ng3 Bg6 15. Qc2 Nd7 16. Re2 Bd6 17. Kh2 N7f6 18. Ne5 Bxe5 19. Rxe5 Nd7 20. Re2 Rae8 21. Rae1 c5 22. c4 Nf4 23. Bxf4 Qxf4 24. Bxg6 fxg6 25. d5 e5 26. Kg1 Nb6 27. b3 Nc8 28. Ne4 b6 29. Qd2 Qf5 30. Re3 Qh5 31. Qe2 Qh6 32. Rf3 Rxf3 33. Qxf3 Qf4 34. Qxf4 exf4 35. Nf6+ 1-0

[Event "30th Klatovy B 2024"]
[Site "Klatovy CZE"]
[Date "2024.07.02"]
[Round "4.23"]
[White "Pucholt, Martin"]
[Black "Vratny, Vojtech"]
[Result "0-1"]
[WhiteElo "1752"]
[BlackElo "1564"]
[PlyCount "136"]
[EventDate "2024.06.29"]
[EventType "swiss"]
[EventRounds "9"]
[EventCountry "CZE"]

1. c4 Nf6 2. Nc3 g6 3. d4 Bg7 4. e4 d6 5. f4 O-O 6. e5 Nfd7 7. Nf3 dxe5 8. dxe5 Nc6 9. Be2 a5 10. O-O b6 11. Ng5 Nc5 12. Qxd8 Rxd8 13. Nd5 Ra7 14. Bf3 Bb7 15. Nxc7 Nd4 16. Bxb7 Rxb7 17. Nd5 Ne2+ 18. Kh1 e6 19. Ne3 Nd3 20. g3 Ndxc1 21. Ne4 Nd3 22. Nd6 Rbd7 23. Rad1 Ndc1 24. Rd2 Bf8 25. Rfd1 Bxd6 26. exd6 f6 27. a3 a4 28. Kg2 Kf7 29. Kf3 e5 30. c5 bxc5 31. fxe5 Nd4+ 32. Rxd4 cxd4 33. Ng4 Nb3 34. Nxf6 Rb7 35. Kf4 Nc5 36. Nxh7 Ne6+ 37. Ke4 Rxb2 38. Rf1+ Kg7 39. Nf6 Rb5 40. Rc1 Kf8 41. h4 Nc5+ 42. Kf3 Rb3+ 43. Kg4 Rc3 44. Rf1 Kg7 45. Rd1 d3 46. Kf4 Rxa3 47. Ke3 Ne6 48. Rc1 Rb3 49. Rc6 a3 50. Ra6 Rb7 51. Rxa3 Nc5 52. g4 Kf7 53. Rc3 Rb5 54. Ra3 Nd7 55. Nxd7 Rxd7 56. Kf4 Rd5 57. Ra1 d2 58. Rd1 Ke6 59. Kg5 Rxe5+ 60. Kxg6 Rxd6 61. h5 Re1 62. Rxd2 Rxd2 63. h6 Rd8 64. h7 Rh1 65. g5 Rh8 66. Kg7 R1xh7+ 67. Kg6 Rg8+ 68. Kxh7 Rxg5 0-1